| 000 | 00993nas a2200337 4500 | ||
|---|---|---|---|
| 001 | BR0000345 | ||
| 003 | BR-BrBNA | ||
| 005 | 20231205101638.0 | ||
| 007 | ta | ||
| 008 | 230509b bl.|||p| |||| 00| 00por d | ||
| 040 |
_aBR-BrBNA _bpor _cBiblioteca Nacional de Agricultura |
||
| 041 | _a(Pt) | ||
| 072 | _aF30 | ||
| 100 | 1 | _aLuz, J.M.Q. | |
| 100 | 1 | _aPinto, J.E.B.P. | |
| 100 | 1 | _aEhlert, P.A.D. | |
| 100 | 1 | _aCerqueira, E.S. | |
| 100 | 1 | _aBedin, I. | |
| 245 | 1 | _aAcao do etileno em combinacao com thidiazuron, nitrato de prata e acido acetilsalicilico na cultura de anteras de pimentao | |
| 650 | _aPimentao | ||
| 650 | _aGenotipo | ||
| 650 | _aEtileno | ||
| 650 | _aPlantula | ||
| 650 | _aNitrato de Prata | ||
| 650 | _aBiotecnologia | ||
| 650 | _aAntera | ||
| 650 | _aCultura de Tecido | ||
| 773 | 0 |
_tHorticultura Brasileira (Brazil) _xISSN 0102-0536 _g(Nov 1999), v. 17(3) p. 226-230 _wBR0000345 |
|
| 909 |
_a202311 _bLúcia _c55 _dLúcia Elande |
||
| 942 |
_2AGRIS _n0 _cANA |
||
| 999 |
_c163008 _d163008 |
||